Ethnic diversity in eastern Africa (Record no. 240924)
[ view plain ]
| 000 -LEADER | |
|---|---|
| fixed length control field | 01289nam a2200337 a 4500 |
| 245 00 - TITLE STATEMENT | |
| Title | Ethnic diversity in eastern Africa |
| 260 ## - PUBLICATION, DISTRIBUTION, ETC. (IMPRINT) | |
| Place of publication | Nairobi [Kenya] : |
| Name of publisher | Twaweza Communications, |
| Year of publication | c2010. |
| 300 ## - PHYSICAL DESCRIPTION | |
| Number of Pages | xvii, 234 p. |
| 650 #0 - SUBJECT ADDED ENTRY--TOPICAL TERM | |
| Topical Term | Cultural pluralism |
| 700 1# - ADDED ENTRY--PERSONAL NAME | |
| Personal name | Njogu, Kimani. |
| Personal name | Ngeta, Kabiri. |
| Personal name | Wanjau, Mary. |
| 856 40 - ELECTRONIC LOCATION AND ACCESS | |
| Uniform Resource Identifier | http://site.ebrary.com/lib/rucke/Doc?id=10463111 |
No items available.
